Statistics for Top Scorers/Most Capped Players for Uruguay

Click here to take the quiz!

General Stats

  • This quiz has been taken 21 times
  • The average score is 7 of 20

Answer Stats

PlaceGoalsPlayer% Correct
163Luis Suarez
100%
5116Luis Suarez
100%
251Edinson Cavani
85%
3118Edinson Cavani
85%
1135Diego Godin
85%
336Diego Forlan
85%
4116Fernando Muslera
50%
7110Cristian Rodriguez
30%
995Diego Lugano
30%
2129Maxi Pereira
25%
8102Martin Caceres
20%
1090Egidio Arevalo Rios
20%
726Sebastian Abreu
10%
431Hector Scarone
5%
627Oscar Miguez
0%
824Pedro Petrone
0%
922Fernando Morena
0%
1022Carlos Aguilera
0%
528Angel Romano
0%
6112Diego Forlan
0%

Score Distribution

Percentile by Number Answered

Percent of People with Each Score

Your Score History

You have not taken this quiz